[Maximilian Becker: Mitstreiter im Volkstumskampf]

Titel: [Maximilian Becker: Mitstreiter im Volkstumskampf] / Thorsten Keiser
Verfasser:
In: Zeitschrift für neuere Rechtsgeschichte, Band 39, Heft 1/2 (2017), Seite 145-148
alle Artikel anzeigen
Veröffentlicht: 2017
Format: Aufsatz
Sprache: Deutsch
Schlagworte:
Kein Bild verfügbar
X
alg: 42649959
001A    $03025:16-02-18 
001B    $01999:28-07-21 $t00:08:01.000 
001C    $03025:16-02-18 $t12:44:57.000 
001D    $03025:16-02-18 
001U    $0utf8 
001X    $00 
002@    $0Aou 
002C    $aText $btxt $2rdacontent 
002D    $aohne Hilfsmittel zu benutzen $bn $2rdamedia 
002E    $aBand $bnc $2rdacarrier 
003@    $042649959X 
007A    $042649959X $aHEB 
010@    $ager 
010E    $erda 
011@    $a2017 
013D    $#Newspapers Sections, columns, etc. Reviews $#Book reviewing $#Journaux Cahiers, chroniques, etc. Comptes rendus $#Livres Recension $#Rezension $#Buchbesprechung $#Buchrezension $#Buchkritik $74049712-4 $8Rezension [Ts1] $9085138568 
021A    $a[Maximilian Becker: Mitstreiter im Volkstumskampf] $hThorsten Keiser 
028A    $BVerfasser $4aut $7131390686 $8Keiser, Thorsten$Z1974- [Tp3] $9176506632 
031A    $d39 $e1/2 $h145-148 $j2017 
039B    $aEnthalten in $8--Abvc--. Zeitschrift für neuere Rechtsgeschichte. - Wien : Manz, 1979-. - ISSN 0250-6459 $x201700000390001855 $9048077585 
045F    $a900.9437 $eDDC23BSB 
045F/01 $a900 
045F/03 $g437 
045T    $aINTRECHT $qDE-1a $2FID 
045T    $a2 

lok: 42649959 78

exp: 42649959 78 1 #EPN
201B/01 $016-02-18 $t12:44:57.000 
201C/01 $016-02-18 
201U/01 $0utf8 
203@/01 $01018124152 
208@/01 $a16-02-18 $be 
209A/01 $a/ $f000 $x00 
209A/01 $ab*p $x01 
220C/01 $apgar 
244Z/01 $#Ostmitteleuropa $#Ostmitteleuropa $#Mitteleuropa, Ost $#Central Europe Ostmitteleuropa $#Mittelosteuropa $74075753-5 $8--Tg1--Ostmitteleuropa $x01 $9085214485 
247C/01 $82080>Marburg/Lahn, Herder-Institut, Forschungsbibliothek, Bibliographieportal $9336309341
LEADER 00000caa a2200000 c 4500
001 42649959X
003 DE-603
005 20210728000801.0
007 tu
008 180216s2017 xx |||| | u00||u|ger c
035 |a (DE-599)HEB42649959X 
040 |a DE-603  |b ger  |c DE-603  |d DE-603  |e rda 
041 |a ger 
082 0 4 |8 1\u  |a 900.9437  |q DE-101  |2 23/BSB 
084 |a INTRECHT  |q DE-1a  |2 fid 
084 |a 2  |2 ssgn 
085 |8 1\u  |b 900 
085 |8 1\u  |z 2  |s 437 
100 1 |a Keiser, Thorsten  |d 1974-  |e Verfasser  |4 aut  |0 (DE-603)176506632  |0 (DE-588)131390686  |2 gnd 
245 0 0 |a [Maximilian Becker: Mitstreiter im Volkstumskampf]  |c Thorsten Keiser 
264 0 |c 2017 
336 |a Text  |b txt  |2 rdacontent 
337 |a ohne Hilfsmittel zu benutzen  |b n  |2 rdamedia 
338 |a Band  |b nc  |2 rdacarrier 
655 7 |a Rezension  |2 gnd-content  |0 (DE-588)4049712-4  |0 (DE-603)085138568 
773 0 8 |i Enthalten in  |t Zeitschrift für neuere Rechtsgeschichte  |d Wien : Manz, 1979-  |x 0250-6459  |g Band 39, Heft 1/2 (2017), Seite 145-148  |w (DE-603)048077585  |w (DE-600)800888-7 
924 0 |9 2080  |a (DE-603)1018124152  |b DE-2080  |c HES  |d d  |g /